Hospodársky vývoj Dánska diplomová práca

Na minha lista:
Detalhes bibliográficos
Autor principal: Szalaiová, Zuzana
Autor Corporativo: Fakulta medzinárodných vzťahov EU. Katedra medzinárodných ekonomických vzťahov a hospodárskej diplomacie
Outros Autores: Lipková, Ľudmila
Formato: Livro
Idioma:eslovaco
Publicado em: Bratislava 2011
Tags: Adicionar Tag
Sem tags, seja o primeiro a adicionar uma tag!

MARC

LEADER 00000nbm a2200000 4500
001 0139950
005 20161109101922.6
041 0 |a slo 
044 |a SK 
245 1 0 |a Hospodársky vývoj Dánska  |b diplomová práca  |c Zuzana Szalaiová ; školiteľ: Ľudmila Lipková 
264 1 |a Bratislava  |c 2011 
300 |a 80 s. 
100 1 |a Szalaiová, Zuzana 
700 1 |a Lipková, Ľudmila 
710 2 |a Fakulta medzinárodných vzťahov EU. Katedra medzinárodných ekonomických vzťahov a hospodárskej diplomacie